|
|
|
|
| LEADER |
01071nam a2200301 a 4500 |
| 001 |
7023 |
| 003 |
BD-DhAAL |
| 005 |
20150623092446.0 |
| 008 |
150623s2005 nyua 001 0 eng |
| 010 |
|
|
|a 2004052441
|
| 020 |
|
|
|a 0072871326 (student edition : acidfree paper)
|
| 040 |
|
|
|a DLC
|c DLC
|d DLC
|d BD-DhAAL
|
| 050 |
0 |
0 |
|a PE1408
|b .L3178 2005
|
| 082 |
0 |
0 |
|a 808/.042/0711
|2 22
|
| 100 |
1 |
|
|a Langan, John,
|d 1942-
|9 12354
|
| 245 |
1 |
0 |
|a College writing skills, with readings /
|c John Langan.
|
| 250 |
|
|
|a 6th ed.
|
| 260 |
|
|
|a Boston :
|b McGraw-Hill,
|c c2005.
|
| 300 |
|
|
|a xxi, 734 p. :
|b ill. (some col.) ;
|c 24 cm.
|
| 500 |
|
|
|a Includes index.
|
| 541 |
|
|
|e 7023
|
| 650 |
|
0 |
|a English language
|x Rhetoric.
|9 12355
|
| 650 |
|
0 |
|a English language
|x Grammar.
|9 12356
|
| 650 |
|
0 |
|a College readers.
|9 9433
|
| 650 |
|
0 |
|a Report writing.
|9 12357
|
| 942 |
|
|
|2 ddc
|c BK
|
| 999 |
|
|
|c 34806
|d 34806
|
| 952 |
|
|
|0 0
|1 0
|2 ddc
|4 0
|6 808_042071100000000_LAN
|7 0
|9 54458
|a SCL
|b SCL
|c GEN
|d 2015-06-23
|e Gift: The Asia Foundation
|l 3
|m 4
|o 808.0420711 LAN
|p 3020007023
|r 2025-03-02
|s 2025-02-10
|t 1
|w 2015-06-23
|y BK
|